Chémia a požiarne nebezpečie

Guardado en:
Detalles Bibliográficos
Autor principal: Ožana, Pavel (Autor)
Formato: Libro
Lenguaje:eslovaco
Publicado: Praha : SNTL, 1977
Edición:2.vyd.(1.slovenské)
Colección:Zväz požiarnej ochrany zväzok 52
Etiquetas: Agregar Etiqueta
Sin Etiquetas, Sea el primero en etiquetar este registro!

MARC

LEADER 00000nam a22000003a 4500
001 stu53103
005 20150617225702.8
008 000411s1977----cs------------------slo-d
040 |a STU  |b slo 
041 0 |a slo 
044 |a cs 
080 |a 614.8+54 
100 1 |a Ožana, Pavel  |4 aut 
245 1 |a Chémia a požiarne nebezpečie 
250 |a 2.vyd.(1.slovenské) 
260 |a Praha :  |b SNTL,  |c 1977 
300 |a 111 s. Tab.,grafy,lit 
830 0 |a Zväz požiarnej ochrany  |v zväzok 52 
996 |b 284C016339  |c C*81537  |l CCI  |s A  |a 24  |w stu53103_0001